[Event "Irkutsk-ch"]
[Site "Irkutsk"]
[Date "2011.01.06"]
[Round "8"]
[White "Ivenin, Vladimir"]
[Black "Obolenskikh, Dmitry Aleksandrovi"]
[Result "0-1"]
[WhiteElo "2059"]
[BlackElo "2467"]
[PlyCount "68"]
[EventDate "2010.12.28"]
[EventType "tourn"]
[EventRounds "9"]
[EventCountry "RUS"]
[SourceTitle "CBM 140 Extra"]
[Source "ChessBase"]
[SourceDate "2011.03.01"]
[SourceVersion "1"]
[SourceVersionDate "2011.03.01"]
[SourceQuality "1"]

1. e4 e6 2. d4 d5 3. e5 c5 4. c3 Nc6 5. Nf3 Bd7 6. a3 c4 7. g3 Nge7 8. Bh3 Nc8 9. 0-0 Na5 10. Nbd2 Nb6 11. Rb1 Ba4 12. b3 cxb3 13. Qe2 Be7 14. Re1 Qd7 15. Qe3 h6 16. Bf1 0-0-0 17. Bd3 Kb8 18. Bb2 Bb5 19. Bc1 Bxd3 20. Qxd3 Qa4 21. Kg2 Rc8 22. Ng1 Nbc4 23. Ne2 Bxa3 24. Nxb3 Nxb3 25. Qd1 Bxc1 26. Rxb3 Ka8 27. Nxc1 Na5 28. Re2 Rxc3 29. Ra2 Rxc1 30. Qxc1 Nxb3 31. Qb2 Qc4 32. Qa3 a6 33. Rb2 Nxd4 34. Rb4 Nc2 0-1

[Event "Sibiria Region-ch"]
[Site "Irkutsk"]
[Date "2010.05.20"]
[Round "7"]
[White "Ivenin, Vladimir"]
[Black "Khantuev, Alexander"]
[Result "0-1"]
[WhiteElo "2058"]
[BlackElo "2335"]
[PlyCount "60"]
[EventDate "2010.05.15"]
[EventType "swiss"]
[EventRounds "9"]
[EventCountry "RUS"]
[SourceTitle "CBM 136 Extra"]
[Source "ChessBase"]
[SourceDate "2010.07.02"]
[SourceVersion "2"]
[SourceVersionDate "2010.07.15"]
[SourceQuality "1"]

1. e4 e6 2. d4 d5 3. exd5 exd5 4. Bd3 Nc6 5. Nf3 Bd6 6. 0-0 Nge7 7. Bg5 Bg4 8. c3 Qd7 9. Nbd2 0-0-0 10. b4 f6 11. Bh4 Nf5 12. Bg3 Nxg3 13. hxg3 h5 14. Qa4 Kb8 15. b5 Ne7 16. c4 dxc4 17. Nxc4 Bxf3 18. gxf3 Bxg3 19. Be4 Bf4 20. Kg2 f5 21. Bxb7 Kxb7 22. Na5+ Ka8 23. d5 Bd2 24. Nc6 Nxc6 25. bxc6 Qxd5 26. Qa6 Rb8 27. Rab1 Bb4 28. Rfd1 Qa5 29. Qc4 Qc5 30. Qa6 Rh6 0-1

[Event "Sibiria Region-ch"]
[Site "Irkutsk"]
[Date "2010.05.19"]
[Round "6"]
[White "Tilicheev, Viacheslav"]
[Black "Ivenin, Vladimir"]
[Result "1-0"]
[WhiteElo "2335"]
[BlackElo "2058"]
[PlyCount "123"]
[EventDate "2010.05.15"]
[EventType "swiss"]
[EventRounds "9"]
[EventCountry "RUS"]
[SourceTitle "CBM 136 Extra"]
[Source "ChessBase"]
[SourceDate "2010.07.02"]
[SourceVersion "2"]
[SourceVersionDate "2010.07.15"]
[SourceQuality "1"]

1. d4 Nf6 2. c4 g6 3. Nc3 Bg7 4. Nf3 0-0 5. e4 d6 6. Be2 e5 7. 0-0 Nc6 8. d5 Ne7 9. b4 Ne8 10. c5 f5 11. Ng5 h6 12. Ne6 Bxe6 13. dxe6 fxe4 14. cxd6 cxd6 15. b5 Rc8 16. Nxe4 d5 17. Ba3 Rc7 18. Nc5 Nf6 19. Rc1 Re8 20. Qb3 b6 21. Na6 Rxc1 22. Rxc1 Nf5 23. Nc7 Nd4 24. Qd1 Rxe6 25. Nxe6 Nxe6 26. Bb2 Ne8 27. Bg4 Nc5 28. Ba3 Bf8 29. Bxc5 Bxc5 30. Be6+ Kg7 31. Qxd5 Qxd5 32. Bxd5 Nd6 33. Bc6 Kf6 34. a4 Nf5 35. Be4 Nd4 36. Kf1 g5 37. g4 Nb3 38. Rd1 Nd4 39. Rd3 Bb4 40. Kg2 Bc5 41. Rh3 Bf8 42. Rc3 Bc5 43. a5 Nxb5 44. Rh3 Kg7 45. a6 Nc7 46. Rd3 Bd4 47. Bb7 Ne6 48. Rd1 Kf6 49. Rh1 Bc5 50. Kf3 Nd4+ 51. Ke4 Ke6 52. h4 Be7 53. hxg5 Bxg5 54. Rh3 Kd6 55. Rc3 b5 56. Bd5 b4 57. Rc8 Nb5 58. Rc6+ Kd7 59. Kxe5 Bd2 60. Rg6 Bc3+ 61. Ke4 Kc7 62. Rxh6 1-0

[Event "Sibiria Region-ch"]
[Site "Irkutsk"]
[Date "2009.05.11"]
[Round "2"]
[White "Ivenin, Vladimir"]
[Black "Samdanov, Samdan"]
[Result "0-1"]
[WhiteElo "2075"]
[BlackElo "1802"]
[PlyCount "44"]
[EventDate "2009.05.10"]
[EventType "swiss"]
[EventRounds "9"]
[EventCountry "RUS"]
[SourceTitle "CBM 130 Extra"]
[Source "ChessBase"]
[SourceDate "2009.07.02"]
[SourceVersion "2"]
[SourceVersionDate "2009.07.15"]
[SourceQuality "1"]

1. e4 c5 2. Nf3 Nc6 3. d4 cxd4 4. Nxd4 e5 5. Nb5 d6 6. Be3 Nf6 7. N1c3 a6 8. Na3 b5 9. Ne2 Be6 10. Ng3 d5 11. exd5 Nxd5 12. Bd2 Bxa3 13. bxa3 0-0 14. Be2 Qh4 15. 0-0 Rad8 16. Qc1 Nd4 17. Bg5 Qxg3 18. Bh5 Qc3 19. Bxd8 Nf4 20. Qd1 Rxd8 21. Kh1 Bd5 22. Rg1 g6 0-1

[Event "Dimitrovgrad-ch"]
[Site "Dimitrovgrad"]
[Date "2009.??.??"]
[Round "6"]
[White "Goryachkin, Alexander"]
[Black "Ivenin, Vladimir"]
[Result "1-0"]
[WhiteElo "1936"]
[BlackElo "2055"]
[PlyCount "119"]
[EventDate "2009.08.??"]
[EventType "swiss"]
[EventRounds "9"]
[EventCountry "RUS"]
[SourceTitle "EXT 2012"]
[Source "ChessBase"]
[SourceDate "2011.11.24"]
[SourceVersion "1"]
[SourceVersionDate "2011.11.24"]
[SourceQuality "1"]

1. e4 c5 2. Nf3 Nf6 3. Nc3 Nc6 4. d4 cxd4 5. Nxd4 d6 6. Be3 e6 7. g4 a6 8. g5 Nd7 9. h4 Qc7 10. Qd2 Nce5 11. f4 Nc4 12. Bxc4 Qxc4 13. 0-0-0 b5 14. f5 Ne5 15. fxe6 fxe6 16. Kb1 Bd7 17. Bf4 0-0-0 18. Rh3 b4 19. Nce2 Nc6 20. b3 Qc5 21. Be3 Qa5 22. Nxc6 Bxc6 23. Nd4 Bd7 24. Rf3 e5 25. Nf5 Be6 26. Qf2 Kb7 27. Bc1 d5 28. exd5 Bxd5 29. Rfd3 e4 30. R3d2 Bc5 31. Ne3 Rhf8 32. Qe2 Bc6 33. Bb2 g6 34. Nc4 Qc7 35. Be5 Rxd2 36. Rxd2 Qf7 37. Bf6 Bd5 38. Qd1 Bc6 39. Na5+ Kb6 40. Nxc6 Kxc6 41. Qe2 Kb6 42. Qxe4 Re8 43. Qd3 Qe6 44. Bd8+ Kb7 45. Rd1 Qc6 46. Bf6 Re4 47. Qd8 Bb6 48. Qd7+ Qxd7 49. Rxd7+ Kc6 50. Rxh7 Re1+ 51. Kb2 Be3 52. c3 Re2+ 53. Kb1 bxc3 54. Bxc3 Kd5 55. Re7 Kd6 56. Re8 Kd7 57. Re4 Kd6 58. h5 gxh5 59. g6 h4 60. g7 1-0

[Event "Irkutsk-ch final op"]
[Site "Irkutsk"]
[Date "2008.10.10"]
[Round "6"]
[White "Ivenin, Vladimir"]
[Black "Kuznetsov, Vladimir1111"]
[Result "0-1"]
[WhiteElo "2073"]
[BlackElo "1915"]
[PlyCount "94"]
[EventDate "2008.09.30"]
[EventType "swiss"]
[EventRounds "9"]
[EventCountry "RUS"]
[SourceTitle "EXT 2022"]
[Source "ChessBase"]
[SourceDate "2021.10.06"]
[SourceVersion "1"]
[SourceVersionDate "2021.10.06"]
[SourceQuality "1"]

1. e4 c5 2. Nf3 Nc6 3. d4 cxd4 4. Nxd4 Nf6 5. Nc3 d6 6. Be2 a6 7. 0-0 g6 8. Be3 Bg7 9. Nxc6 bxc6 10. f4 Rb8 11. Rb1 Qa5 12. Bd4 c5 13. Bf2 Be6 14. Be1 Qb6 15. b3 0-0 16. f5 Bd7 17. g4 Bc6 18. Bf3 Qb7 19. Qe2 Nd7 20. Nd5 Ne5 21. Bg2 Bxd5 22. exd5 c4 23. Bd2 Qb5 24. Qe4 Rfc8 25. Rf2 Qc5 26. b4 Qb5 27. Bc3 Qa4 28. g5 Ng4 29. Qxg4 Bxc3 30. f6 exf6 31. gxf6 Bxb4 32. Rxb4 Qxb4 33. Qf4 Kh8 34. Qh6 Rg8 35. Rf3 Qc5+ 36. Rf2 Rb1+ 37. Bf1 Qxd5 38. Qf4 Re1 39. Rd2 Qc5+ 40. Kg2 Re5 41. Be2 Rf5 42. Qh4 Rg5+ 43. Bg4 Qe5 44. Rf2 Qe4+ 45. Kg3 Rh5 46. Bxh5 gxh5+ 47. Kh3 Qe6+ 0-1

[Event "Irkutsk City-ch"]
[Site "Irkutsk"]
[Date "2008.01.??"]
[Round "6"]
[White "Ivenin, Vladimir"]
[Black "Kiselev, Sergey"]
[Result "1/2-1/2"]
[WhiteElo "2073"]
[BlackElo "2434"]
[PlyCount "77"]
[EventDate "2008.01.??"]
[EventType "tourn"]
[EventRounds "9"]
[EventCountry "RUS"]
[SourceTitle "EXT 2010"]
[Source "ChessBase"]
[SourceDate "2010.11.25"]
[SourceVersion "1"]
[SourceVersionDate "2010.11.25"]
[SourceQuality "1"]

1. e4 c5 2. Nf3 Nf6 3. Nc3 d5 4. exd5 a6 5. d4 Nxd5 6. Nxd5 Qxd5 7. dxc5 Qxc5 8. Be2 e5 9. 0-0 Be7 10. c3 0-0 11. Be3 Qc7 12. Qd5 Nc6 13. Qb3 Be6 14. Bb6 Qc8 15. Bc4 Nd4 16. Bxe6 Nxf3+ 17. gxf3 fxe6 18. Rae1 Rf5 19. f4 Rxf4 20. Rxe5 Rg4+ 21. Kh1 Qc6+ 22. f3 Rg6 23. Bd4 Rf8 24. Qd1 Bf6 25. Re4 Bxd4 26. Rxd4 Rgf6 27. Kg2 Rg6+ 28. Kh1 Rgf6 29. Kg2 Rg6+ 30. Kh1 Rgf6 31. Rd3 e5 32. Re3 e4 33. Kg2 exf3+ 34. Rfxf3 g5 35. Kg3 Qc7+ 36. Kg2 Qc6 37. Kg3 Qc7+ 38. Kg2 Qc6 39. Kg3 1/2-1/2

[Event "Irkutsk City-ch"]
[Site "Irkutsk"]
[Date "2007.10.06"]
[Round "7"]
[White "Stavskij, Danil"]
[Black "Ivenin, Vladimir"]
[Result "1/2-1/2"]
[WhiteElo "2177"]
[BlackElo "2040"]
[PlyCount "77"]
[EventDate "2007.09.16"]
[EventType "swiss"]
[EventRounds "9"]
[EventCountry "RUS"]
[SourceTitle "EXT 2009"]
[Source "ChessBase"]
[SourceDate "2008.11.26"]
[SourceVersion "1"]
[SourceVersionDate "2008.11.26"]
[SourceQuality "1"]

1. e4 c5 2. Nc3 Nc6 3. g3 g6 4. Bg2 Bg7 5. d3 Rb8 6. Be3 d6 7. Qd2 b5 8. Nge2 b4 9. Nd1 e6 10. 0-0 Nge7 11. Bh6 0-0 12. Bxg7 Kxg7 13. Ne3 Nd4 14. f4 Nxe2+ 15. Qxe2 f5 16. exf5 exf5 17. Nd5 Nxd5 18. Bxd5 Qf6 19. Kh1 Bd7 20. c3 Rfe8 21. Qd2 Be6 22. Bg2 a5 23. Rfe1 Bf7 24. d4 bxc3 25. bxc3 cxd4 26. cxd4 Rb4 27. d5 Reb8 28. Rad1 a4 29. Qc2 a3 30. Qd3 Qb2 31. Rd2 Qf6 32. Qxa3 Rb1 33. Rdd1 Qa1 34. Qd3 Rxd1 35. Qxd1 Qxa2 36. Qa1+ Qxa1 37. Rxa1 Rb5 38. Rd1 Kf6 39. h4 1/2-1/2